[Event "Landesliga Sued 0203"]
[Site "Bayern"]
[Date "2002.11.17"]
[Round "2.1"]
[White "Phildius, Bernhard"]
[Black "Fischer, Johann Stefan"]
[Result "0-1"]
[WhiteElo "2248"]
[BlackElo "2220"]
[PlyCount "72"]
[EventDate "2002.10.20"]
[EventType "team-tourn"]
[EventRounds "9"]
[EventCountry "GER"]
[SourceTitle "EXT 2004"]
[Source "ChessBase"]
[SourceDate "2003.11.25"]
[SourceVersion "1"]
[SourceVersionDate "2003.11.25"]
[SourceQuality "1"]
[WhiteTeam "Groebenzell"]
[BlackTeam "Muenchen Siemens"]
[WhiteTeamCountry "GER"]
[BlackTeamCountry "GER"]

1. c4 Nf6 2. h3 c5 3. g4 d5 4. Bg2 e6 5. Nc3 d4 6. Ne4 h5 7. gxh5 Nxh5 8. d3 Be7 9. Nf3 Nc6 10. a3 Qc7 11. e3 Bd7 12. exd4 Nxd4 13. Nxd4 cxd4 14. b4 f5 15. Nc5 Bxc5 16. bxc5 Bc6 17. Bf3 0-0-0 18. Rg1 Nf6 19. Qe2 Rxh3 20. Bxc6 Qxc6 21. Bb2 Ng4 22. 0-0-0 Rh2 23. Rdf1 g6 24. Kb1 e5 25. Rxg4 fxg4 26. Qxe5 Rh5 27. Qg7 Qd7 28. Qxg6 Qf5 29. Qxf5+ Rxf5 30. Rg1 Rxf2 31. Rxg4 Re8 32. Rg1 Rd2 33. Bxd4 Rxd3 34. Bb2 Re2 35. Kc1 Rb3 36. Bd4 Rxa3 0-1

[Event "Landesliga Sued 0102"]
[Site "Bayern"]
[Date "2002.02.24"]
[Round "6.2"]
[White "Heyne, Martin"]
[Black "Fischer, Johann Stefan"]
[Result "0-1"]
[WhiteElo "2175"]
[BlackElo "2170"]
[PlyCount "96"]
[EventDate "2001.10.07"]
[EventType "team-tourn"]
[EventRounds "9"]
[EventCountry "GER"]
[SourceTitle "EXT 2003"]
[Source "ChessBase"]
[SourceDate "2002.11.25"]
[SourceVersion "1"]
[SourceVersionDate "2002.11.25"]
[SourceQuality "1"]
[WhiteTeam "Waldkirch"]
[BlackTeam "Muenchen Siemens"]
[WhiteTeamCountry "GER"]
[BlackTeamCountry "GER"]

1. Nf3 c5 2. c4 Nc6 3. Nc3 g6 4. g3 Bg7 5. Bg2 Nh6 6. Rb1 d6 7. a3 0-0 8. 0-0 a5 9. d3 Nf5 10. e4 Nfd4 11. Nxd4 Nxd4 12. Ne2 Bg4 13. f3 Bd7 14. Nxd4 Bxd4+ 15. Kh1 b5 16. b3 a4 17. cxb5 Bxb5 18. Bb2 Bxb2 19. Rxb2 Qa5 20. Qc2 Qa6 21. Qc3 Bxd3 22. Rd1 Bb5 23. b4 Rac8 24. h4 Bc4 25. Bh3 cxb4 26. Bxc8 Rxc8 27. Qxb4 Be2 28. Re1 Bxf3+ 29. Kh2 Qd3 30. Qd2 Rc3 31. Qxd3 Rxd3 32. Ra2 h5 33. Kg1 d5 34. e5 d4 35. Kf2 Bd5 36. Raa1 Rf3+ 37. Ke2 Rxg3 38. Red1 d3+ 39. Kd2 Rh3 40. Re1 Rxh4 41. Kxd3 Rg4 42. Rac1 h4 43. Re3 e6 44. Ke2 g5 45. Rb1 Rg2+ 46. Kf1 g4 47. Re2 Rxe2 48. Kxe2 h3 0-1

[Event "Landesliga Sued 0102"]
[Site "Bayern"]
[Date "2002.02.03"]
[Round "5.2"]
[White "Fischer, Johann Stefan"]
[Black "Ager, Josef"]
[Result "1-0"]
[WhiteElo "2170"]
[BlackElo "2240"]
[PlyCount "65"]
[EventDate "2001.10.07"]
[EventType "team-tourn"]
[EventRounds "9"]
[EventCountry "GER"]
[SourceTitle "EXT 2003"]
[Source "ChessBase"]
[SourceDate "2002.11.25"]
[SourceVersion "1"]
[SourceVersionDate "2002.11.25"]
[SourceQuality "1"]
[WhiteTeam "Muenchen Siemens"]
[BlackTeam "Pfarrkirchen SC"]
[WhiteTeamCountry "GER"]
[BlackTeamCountry "GER"]

1. d4 g6 2. e4 Bg7 3. Nc3 d6 4. Nf3 c6 5. Bc4 Nf6 6. Bb3 0-0 7. 0-0 b5 8. a3 Na6 9. Qe2 Nc7 10. e5 Nfd5 11. Nxd5 cxd5 12. Re1 dxe5 13. Nxe5 Bb7 14. c3 a6 15. Bf4 Ne8 16. Nd3 e6 17. Be5 Nf6 18. a4 Bc6 19. a5 Nd7 20. Bxg7 Kxg7 21. Qe3 Qf6 22. Qg3 Rfe8 23. Re3 Rac8 24. Rf3 Qd8 25. Qf4 Qf6 26. Qe3 Qe7 27. Rh3 h5 28. Re1 Rh8 29. Rf3 Rhe8 30. Qc1 Bb7 31. Bc2 Rf8 32. Nf4 Rce8 33. Nxh5+ 1-0

[Event "Bad Woerishofen Seniors op 18th"]
[Site "Bad Woerishofen"]
[Date "2002.??.??"]
[Round "6"]
[White "Fischer, Johann Stefan"]
[Black "Goy, Udo"]
[Result "1-0"]
[WhiteElo "2305"]
[BlackElo "2190"]
[PlyCount "65"]
[EventDate "2002.03.??"]
[EventType "swiss"]
[EventRounds "9"]
[EventCountry "GER"]
[SourceTitle "EXT 2003"]
[Source "ChessBase"]
[SourceDate "2002.11.25"]
[SourceVersion "1"]
[SourceVersionDate "2002.11.25"]
[SourceQuality "1"]

1. d4 Nf6 2. c4 c5 3. d5 e6 4. Nc3 exd5 5. cxd5 d6 6. e4 g6 7. Nf3 Bg7 8. h3 0-0 9. Be3 Re8 10. Nd2 Na6 11. Bd3 Nc7 12. 0-0 a6 13. a4 b6 14. Nc4 Rb8 15. Bf4 Bf8 16. Qf3 b5 17. axb5 axb5 18. Bg5 Be7 19. Na5 Bd7 20. e5 Nh5 21. Bxe7 Qxe7 22. g4 Qxe5 23. gxh5 b4 24. Ne4 Nxd5 25. Nc4 Qxh5 26. Qxh5 gxh5 27. Ncxd6 Red8 28. Bc4 Nb6 29. Bxf7+ Kg7 30. Kh2 Bc6 31. Rg1+ Kf8 32. Ra7 Nd7 33. Bc4 1-0

[Event "Bad Woerishofen Seniors op 18th"]
[Site "Bad Woerishofen"]
[Date "2002.??.??"]
[Round "4"]
[White "Fischer, Johann Stefan"]
[Black "Schmid, Hermann"]
[Result "1-0"]
[WhiteElo "2306"]
[BlackElo "2169"]
[PlyCount "83"]
[EventDate "2002.03.??"]
[EventType "swiss"]
[EventRounds "9"]
[EventCountry "GER"]
[SourceTitle "EXT 2003"]
[Source "ChessBase"]
[SourceDate "2002.11.25"]
[SourceVersion "1"]
[SourceVersionDate "2002.11.25"]
[SourceQuality "1"]

1. d4 d5 2. c4 c6 3. Nc3 Nf6 4. Nf3 g6 5. cxd5 cxd5 6. Bf4 Nc6 7. e3 a6 8. h3 Bg7 9. Be2 0-0 10. 0-0 e6 11. a3 b6 12. b4 Bb7 13. Qb3 Nd7 14. Bg3 Qe7 15. Na4 Rfc8 16. Ra2 f6 17. Rc2 b5 18. Nc5 Nb6 19. Ne1 Nd8 20. Ned3 Nc4 21. Bf3 Bc6 22. a4 bxa4 23. Nxa4 Bxa4 24. Qxa4 Qb7 25. Qe8+ Bf8 26. Nc5 Qf7 27. Qa4 a5 28. Rxc4 axb4 29. Qxb4 dxc4 30. Bxa8 Rxa8 31. Qxc4 Rc8 32. Qa6 Rc6 33. Qa8 Bxc5 34. dxc5 Qd7 35. Bd6 Rc8 36. Qa1 Kf7 37. Rb1 e5 38. Rb6 Rc6 39. Rb8 Rc8 40. Qa2+ Kg7 41. Qd5 Qc6 42. Qxc6 1-0

[Event "Landesliga Sued 0001"]
[Site "Bayern"]
[Date "2001.04.01"]
[Round "8"]
[White "Ager, Josef"]
[Black "Fischer, Johann Stefan"]
[Result "0-1"]
[WhiteElo "2260"]
[BlackElo "2074"]
[PlyCount "80"]
[EventDate "2000.10.15"]
[EventType "team-tourn"]
[EventRounds "9"]
[EventCountry "GER"]
[SourceTitle "EXT 2020"]
[Source "ChessBase"]
[SourceDate "2019.10.17"]
[SourceVersion "1"]
[SourceVersionDate "2019.10.17"]
[SourceQuality "1"]
[WhiteTeam "Pfarrkirchen SC"]
[BlackTeam "Muenchen Siemens"]
[WhiteTeamCountry "GER"]
[BlackTeamCountry "GER"]

1. d4 Nf6 2. c4 e6 3. g3 c5 4. d5 d6 5. Nc3 exd5 6. cxd5 g6 7. Bg2 Bg7 8. Nf3 0-0 9. 0-0 Re8 10. Re1 a6 11. e4 Nbd7 12. Bf4 Qc7 13. a4 Rb8 14. Rc1 Nh5 15. Be3 Ndf6 16. Nd2 Ng4 17. b4 Nxe3 18. Rxe3 Bh6 19. Re1 Bg4 20. f3 cxb4 21. Ne2 Qb6+ 22. Kh1 Bxd2 23. Qxd2 Bd7 24. g4 Ng7 25. Ra1 a5 26. Ng3 Rbc8 27. h4 Rc3 28. Kh2 Rec8 29. Qf4 Rc2 30. e5 Qf2 31. Rg1 Ne8 32. e6 fxe6 33. dxe6 Bxe6 34. Qe4 Bf7 35. Raf1 Qb6 36. h5 Nf6 37. Qe7 Qd8 38. Qxd8+ Rxd8 39. hxg6 hxg6 40. Rd1 b3 0-1